| 000 | 01047nam a2200289 i 4500 | ||
|---|---|---|---|
| 005 | 20220317000631.0 | ||
| 008 | 160601s2000 mx a gs 000 0 und d | ||
| 020 | _a9684267681 | ||
| 040 |
_aCO-BoRNBP _bspa _cCO-BoRNBP _erda |
||
| 082 | 0 | 4 |
_a371.9043 _bS15c |
| 100 | 1 |
_aSánchez A., Pedro _eautor |
|
| 245 | 1 | 0 |
_aCompendio de educación especial _cPedro A. Sánchez Escobedo, Mary Beatriz Cantón Mayín, Dora Esperanza Sevilla Santo |
| 250 | _aPrimera edición | ||
| 264 | 1 |
_aMéxico _bManual Moderno _c2000 |
|
| 300 |
_a239 páginas _bilustraciones _c23 cm |
||
| 336 |
_atexto _btxt _2rdacontent |
||
| 337 |
_asin mediación _bn _2rdamedia |
||
| 338 |
_avolumen _bnc _2rdacarrier |
||
| 650 | 1 | 4 |
_aEducación especial _2LEMB |
| 650 | 1 | 4 |
_aTrastornos del aprendizaje _2LEMB |
| 650 | 1 | 4 |
_aIncapacidad mental _2LEMB |
| 650 | 1 | 4 |
_aNiños incapacitados mentalmente _2LEMB |
| 700 | 1 |
_aCantón Mayin, Mary Beatriz _951118 |
|
| 700 | 1 |
_aSevilla Santo, Dora Esperanza _996831 |
|
| 700 | 1 |
_aGómez López, Ma. Eugenia, _eeditora _9127718 |
|
| 942 |
_2ddc _cBK |
||
| 999 |
_c4613 _d4613 |
||